- Guzmán Acuña, Teresa de Jesús
Entry Nombre Personal
001 - NUMERO DE CONTROL
- campo de control: 42211
003 - IDENTIFICADOR DE NUMERO DE CONTROL
- campo de control: DLC
005 - FECHA Y HORA DE LA ÜLTIMA TRANSACCIÓN
- campo de control: 20221012083122.0
008 - DATOS DE LONGITUD FIJA
- campo de control de longitud fija: 100325n| azannaabn |a aaa
010 ## - NÚMERO DE CONTROL DE LA BIBLIOTECA DEL CONGRESO
- Número de control LC: n 2010018053
035 ## - NUMERO DE CONTROL
- Número de control: (OCoLC)oca08440554
035 ## - NUMERO DE CONTROL
- Número de control: (CaEvSKY)skya9155164
040 ## - FUENTE DE CATALOGACIÓN
- Agencia original de catalogación: DLC
- Lenguaje de catalogación: spa
- Description conventions: rda
- Agencia de transcripción: DLC
- Agencia que lo modifica: CSt
- Agencia que lo modifica: MX-SlUA
- Agencia que lo modifica: MX-MxUPN
100 1# - ENCABEZAMIENTO - NOMBRE PERSONAL
- Nombre personal: Guzmán Acuña, Teresa de Jesús
373 ## - GRUPO ASOCIADO
- Associated group: Universidad Autónoma de Tamaulipas
- Fuente del término: naf
375 ## - GÉNERO
- Gender: femenino
- Fuente del término: lcdgt
377 ## - LENGUA ASOCIADA
- Language code: spa
400 1# - VEÁSE - NOMBRE DE PERSONA
- Personal name: Acuña, Teresa de Jesús Guzmán
400 1# - VEÁSE - NOMBRE DE PERSONA
- Personal name: Guzmán A., Teresa
- Fuller form of name: (Guzmán Acuña)
670 ## - FUENTE EN LA QUE SE LOCALIZARON DATOS
- Cita de la fuente: Innovación educativa y tecnología, 2009:
- Información localizada: portada (Teresa de Jesús Guzmán Acuña) página 39 (Universidad Autónoma de Tamaulipas)
670 ## - FUENTE EN LA QUE SE LOCALIZARON DATOS
- Cita de la fuente: Violencia y mujeres, 2015:
- Información localizada: portada (Teresa Guzmán Acuña) cubierta solapa posterior (Teresa de Jesús Guzmán Acuña) reverso de la portada (Teresa Guzmán A.)
670 ## - FUENTE EN LA QUE SE LOCALIZARON DATOS
- Cita de la fuente: Profesión académica, inequidades de género: situación de las académicas y su participación en los cuerpos académicos, ©2017:
- Información localizada: portada (Teresa de Jesús Guzmán Acuña)
902 ## - CATALOGADOR
- Catalogador: NDAF/121022
